00658nam a2200217Ia 4500008004100000020001700041040001400058082002200072100002400094245002400118260004500142300001100187365002600198366000800224505002900232530003000261620007800291630002400369650002300393730002400416100315s9999 xx 000 0 und d a0074515365  cENGLISH  b8496 a005.362  a"BALAGURUSAMY, E. " aProgrmming in BASIC aNEW DELHI bTATA MCGRAW-HILL  c1983  a216   eRupees d1 b0.00  f0  gRamakant Amar Navghare  bDonated By RBI Library   a"Progrmming in BASIC, Computer science, Computer programming, RBI book " aProgrmming in BASIC aCOMPUTER SCIENCE  aProgrmming in BASIC